000 00684nam a22002417a 4500
003 UA-OsUOA
001 43196
007 ta
008 20061212b un ||||| |||| 00| 0 ukr d
100 _aБевзенко С. П.
090 _a81'1075.8)
_bБ36
942 _cBK
040 _aUA-OsUOA
_bukr
_cUA-OsUOA
_dUA-OsUOA
245 _aВступ до мовознавства
300 _a143 с.
955 _a2
041 _aukr
080 _a81'1075.8)
020 _a966-642-240-9
260 _aК.
_bВища школа
_c2006
650 7 _a8 Мовознавство. Художня література. Літературознавство
_2UDC
999 _c329376
_d329376